Sports Quiz

Random Sports or Europe Quiz

UEFA Footballers Quiz Stats

 Plays Quiz not verified by Sporcle

Challenge
Share
Tweet
Score 0/55 Timer 10:00
0 Plays Today
% Correct
Poland
98%
Belgium
96.1%
Denmark
90.2%
Spain
90.2%
Bosnia-Herzegovina
90.2%
Croatia
90.2%
Czech Republic
90.2%
England
90.2%
Germany
90.2%
Italy
90.2%
Portugal
90.2%
Sweden
90.2%
Wales
90.2%
France
88.2%
Greece
88.2%
Netherlands
88.2%
Serbia
88.2%
Switzerland
88.2%
Turkey
88.2%
Iceland
86.3%
Scotland
86.3%
Slovakia
86.3%
Austria
84.3%
Russia
84.3%
Ukraine
84.3%
Montenegro
82.4%
Ireland
82.4%
Cyprus
80.4%
% Correct
Slovenia
80.4%
Armenia
78.4%
Bulgaria
76.5%
Belarus
76.5%
Hungary
76.5%
Northern Ireland
76.5%
Latvia
74.5%
Lithuania
74.5%
Macedonia
74.5%
Romania
74.5%
Albania
70.6%
Gibraltar
68.6%
San Marino
66.7%
Azerbaijan
64.7%
Faroe Islands
64.7%
Finland
62.7%
Norway
62.7%
Kosovo
60.8%
Luxembourg
60.8%
Moldova
58.8%
Andorra
56.9%
Estonia
56.9%
Israel
54.9%
Georgia
52.9%
Kazakhstan
51%
Liechtenstein
51%
Malta
51%

You're not logged in!

Compare scores with friends on all Sporcle quizzes.
OR
Log In

You Might Also Like...

Show Comments

Extras

Top Quizzes Today


Score Distribution

Your Account Isn't Verified!

In order to create a playlist on Sporcle, you need to verify the email address you used during registration. Go to your Sporcle Settings to finish the process.

Report this User

Report this user for behavior that violates our Community Guidelines.

Details: